[Event "7. LGA Premium Cup"]
[Site "Nürnberg"]
[Date "2010.09.04"]
[Round "4.47"]
[White "Böhle, Lars"]
[Black "Hörmann, Gunther"]
[Result "1/2-1/2"]
[WhiteElo "2222"]
[BlackElo "2014"]
[PlyCount "122"]
[EventDate "2010.??.??"]
[WhiteTeam "Schachgesellschaft Bochum 1931"]
[BlackTeam "TSV Cadolzburg e.V."]

1. d4 Nf6 2. Nf3 e6 3. c4 b6 4. a3 d5 5. Nc3 Be7 6. g3 Bb7 7. cxd5 Nxd5 8. Bg2
Nxc3 9. bxc3 Nd7 10. O-O O-O 11. a4 c5 12. Qd3 Qc8 13. Ba3 Nf6 14. Ne5 Bxg2 15.
Kxg2 Qb7+ 16. Qf3 Qxf3+ 17. Kxf3 Rac8 18. Nd3 Nd7 19. e4 Rfe8 20. Ke3 Kf8 21.
Rfb1 cxd4+ 22. cxd4 Bxa3 23. Rxa3 Rc7 24. a5 Rb8 25. f4 Rbc8 26. h3 Rc3 27.
Rxc3 Rxc3 28. axb6 Nxb6 29. Rc1 Rxc1 30. Nxc1 f5 31. Nb3 Ke7 32. Na5 Kd7 33. g4
g6 34. gxf5 gxf5 35. Kf3 Kc7 36. Ke3 Nc8 37. d5 exd5 38. exf5 Kb6 39. f6 Nd6
40. Kd4 Kxa5 41. Kxd5 Nf7 42. Ke6 Nh6 43. f7 Nxf7 44. Kxf7 Kb5 45. Kg8 a5 46.
f5 a4 47. f6 a3 48. f7 a2 49. f8=Q a1=Q 50. Qf5+ Kb4 51. Kxh7 Qa7+ 52. Kg6 Qe7
53. Qf4+ Ka3 54. h4 Qe8+ 55. Kg5 Qg8+ 56. Kf5 Qd5+ 57. Kg4 Ka2 58. Kg3 Qb3+ 59.
Kh2 Qb2+ 60. Kh3 Qc3+ 61. Kg4 Qg7+ 1/2-1/2

[Event "7. LGA Premium Cup"]
[Site "Nürnberg"]
[Date "2010.09.04"]
[Round "4.48"]
[White "Nuber, Korbinian"]
[Black "Luther, Helmut"]
[Result "1-0"]
[WhiteElo "2211"]
[BlackElo "2020"]
[PlyCount "67"]
[EventDate "2010.??.??"]
[WhiteTeam "SC Dillingen"]
[BlackTeam "SW Nürnberg Süd e.V."]

1. e4 d5 2. exd5 Qxd5 3. Nc3 Qd6 4. d4 Nf6 5. h3 g6 6. Be3 Bg7 7. Qd2 O-O 8.
O-O-O c6 9. Bf4 Qb4 10. Bh6 Be6 11. Bxg7 Kxg7 12. Nge2 Rd8 13. Nf4 Bd5 14.
Ncxd5 Qxd2+ 15. Kxd2 Nxd5 16. Nd3 Nf6 17. c3 Nbd7 18. Kc2 Rac8 19. Be2 e6 20.
Bf3 a5 21. Rhe1 Nd5 22. a3 Re8 23. b4 axb4 24. axb4 Ra8 25. Ra1 Nc7 26. c4 Nb6
27. Kc3 Red8 28. Nc5 Rdb8 29. Kb3 Rxa1 30. Rxa1 Nc8 31. Nd7 Ra8 32. Rxa8 Nxa8
33. Nc5 b6 34. Nd7 1-0

[Event "7. LGA Premium Cup"]
[Site "Nürnberg"]
[Date "2010.09.04"]
[Round "4.49"]
[White "Stiller, Jürgen"]
[Black "Werner, Thomas"]
[Result "1-0"]
[WhiteElo "2195"]
[BlackElo "2004"]
[PlyCount "83"]
[EventDate "2010.??.??"]
[WhiteTeam "SW Nürnberg Süd e.V."]
[BlackTeam "SW Nürnberg Süd e.V."]

1. Nf3 Nf6 2. d4 d5 3. Bg5 Bf5 4. Bxf6 exf6 5. e3 Bd6 6. c4 dxc4 7. Bxc4 O-O 8.
Nc3 c6 9. O-O Re8 10. Rc1 b5 11. Bd3 Bxd3 12. Qxd3 Qe7 13. Rc2 Nd7 14. Rfc1 a6
15. Nd2 Rac8 16. Nce4 Nb8 17. Nxd6 Qxd6 18. Nb3 g6 19. Nc5 f5 20. g3 Re7 21. a4
Qd5 22. Qc3 g5 23. Nd3 Qe4 24. Qa3 Rce8 25. Rc5 f6 26. axb5 axb5 27. Qb3+ Kg7
28. d5 Rd7 29. Nb4 cxd5 30. Nxd5 Red8 31. Nc7 Rd3 32. R5c3 Kh6 33. Rxd3 Rxd3
34. Qf7 Rxe3 35. Qxf6+ Kh5 36. Qf7+ Kg4 37. Rf1 Rd3 38. Ne6 Qd5 39. h3+ Kf3 40.
Nxg5+ Ke2 41. Qh5+ Kd2 42. Qd1# 1-0

[Event "7. LGA Premium Cup"]
[Site "Nürnberg"]
[Date "2010.09.04"]
[Round "4.50"]
[White "Nöckler, Alexander"]
[Black "Eperjesi, Laszlo"]
[Result "0-1"]
[WhiteElo "2003"]
[BlackElo "2194"]
[PlyCount "86"]
[EventDate "2010.??.??"]
[WhiteTeam "Schachklub Weiden 1907"]
[BlackTeam "Ungarn"]
[BlackTeamCountry "HUN"]

1. c4 c5 2. Nc3 Nc6 3. Nf3 Nf6 4. d4 cxd4 5. Nxd4 e6 6. g3 Bc5 7. e3 O-O 8. Bg2
a6 9. O-O Qc7 10. b3 Nxd4 11. exd4 Bb4 12. Ne2 Be7 13. Nf4 d6 14. Bb2 Rb8 15.
Rc1 b6 16. Nh5 Ne8 17. Re1 g6 18. Nf4 Bf6 19. Rc2 Ng7 20. g4 Bb7 21. Bf3 Rfc8
22. Ng2 b5 23. Qd3 bxc4 24. Rxc4 Qb6 25. Rec1 d5 26. Rxc8+ Rxc8 27. Rxc8+ Bxc8
28. Qc3 Bd7 29. Ne1 Ne8 30. Nd3 Nd6 31. Nc5 Bc6 32. Qd3 Bb5 33. Qe3 Kg7 34. g5
Bd8 35. Bg4 Nf5 36. Qe5+ Kg8 37. Bxf5 gxf5 38. h4 Bc7 39. Qe3 Qd6 40. Qh3 Qf4
41. a4 Be2 42. Nd3 Qd2 43. Nc5 Qe1+ 0-1

[Event "7. LGA Premium Cup"]
[Site "Nürnberg"]
[Date "2010.09.04"]
[Round "4.54"]
[White "Finster, Michael"]
[Black "Baskin, Robert"]
[Result "1/2-1/2"]
[WhiteElo "2153"]
[BlackElo "1870"]
[PlyCount "58"]
[EventDate "2010.??.??"]
[WhiteTeam "SW Nürnberg Süd e.V."]
[BlackTeam "SAbt TuS Makkabi Ffm"]

1. d4 e6 2. c4 d5 3. Nc3 Nf6 4. Bg5 Be7 5. Nf3 O-O 6. Bxf6 Bxf6 7. e4 c5 8. e5
cxd4 9. exf6 dxc3 10. fxg7 Re8 11. bxc3 Qf6 12. Rc1 Nc6 13. Be2 dxc4 14. Bxc4
Qxg7 15. h4 Qh6 16. Rh3 Rd8 17. Rg3+ Kf8 18. Qc2 Qf4 19. Rd1 Qxc4 20. Rxd8+
Nxd8 21. Ng5 b6 22. Qd2 Ba6 23. Nxh7+ Ke7 24. Qg5+ Kd7 25. Nf6+ Kc8 26. Qe5
Qf1+ 27. Kd2 Qxf2+ 28. Kc1 Qf1+ 29. Kc2 Nc6 1/2-1/2

[Event "7. LGA Premium Cup"]
[Site "Nürnberg"]
[Date "2010.09.04"]
[Round "4.58"]
[White "Zwingel, Stephan"]
[Black "Meulner, Klaus"]
[Result "1-0"]
[WhiteElo "2036"]
[BlackElo "2188"]
[PlyCount "57"]
[EventDate "2010.??.??"]
[WhiteTeam "SK Zirndorf e.V."]
[BlackTeam "SW Nürnberg Süd e.V."]

1. e4 e6 2. d3 d5 3. Nd2 Nf6 4. Ngf3 b6 5. g3 dxe4 6. dxe4 Bc5 7. Bd3 e5 8. Nb3
Bd6 9. Qe2 O-O 10. h3 a5 11. a4 Na6 12. c3 Qe7 13. Be3 Nc5 14. Nxc5 Bxc5 15.
Nd2 Rd8 16. Rd1 Bb7 17. Bxc5 Qxc5 18. O-O h5 19. Kh2 h4 20. gxh4 g6 21. Rg1 {
(=)} Kg7 22. h5 Rh8 23. hxg6 fxg6 24. Qf3 Nh5 25. Rxg6+ Kxg6 26. Qf5+ Kh6 27.
Be2 Ng7 28. Qf6+ Kh7 29. Rg1 1-0

[Event "7. LGA Premium Cup"]
[Site "Nürnberg"]
[Date "2010.09.04"]
[Round "4.61"]
[White "Lodes, Hermann"]
[Black "Knapp, Michael"]
[Result "1/2-1/2"]
[WhiteElo "2144"]
[BlackElo "1989"]
[PlyCount "32"]
[EventDate "2010.??.??"]
[BlackTeam "SV Mendig-Mayen e.V."]

1. d4 e6 2. g3 Nf6 3. Bg2 d5 4. c4 Bb4+ 5. Bd2 Bxd2+ 6. Nxd2 O-O 7. Ngf3 Nbd7
8. Qc2 Re8 9. e4 dxe4 10. Nxe4 Nxe4 11. Qxe4 c5 12. O-O cxd4 13. Qxd4 e5 14.
Qd2 Qc7 15. b3 Nf6 16. Rfe1 Bg4 1/2-1/2

[Event "7. LGA Premium Cup"]
[Site "Nürnberg"]
[Date "2010.09.04"]
[Round "4.62"]
[White "Willim, Michael"]
[Black "Hartmann, Thomas"]
[Result "1/2-1/2"]
[WhiteElo "2134"]
[BlackElo "1986"]
[PlyCount "45"]
[EventDate "2010.??.??"]
[WhiteTeam "SC Erlangen 48/88"]
[BlackTeam "SC Weisse Dame Ulm e.V."]

1. c4 Nf6 2. g3 e6 3. Bg2 c5 4. Nf3 Nc6 5. Nc3 Be7 6. O-O d5 7. cxd5 exd5 8. d4
c4 9. Ne5 Be6 10. e4 O-O 11. exd5 Nxd5 12. Nxc6 bxc6 13. Ne4 Qb6 14. Re1 Rad8
15. Bg5 Bxg5 16. Nxg5 Bf5 17. Qa4 Nb4 18. Re7 a5 19. Nf3 Bc2 20. Qa3 Bd3 21.
Rd1 Rfe8 22. Rde1 Rf8 23. Rc1 1/2-1/2

[Event "7. LGA Premium Cup"]
[Site "Nürnberg"]
[Date "2010.09.04"]
[Round "4.66"]
[White "Walter, Manfred"]
[Black "Krauß, Josef"]
[Result "1/2-1/2"]
[WhiteElo "1825"]
[BlackElo "2105"]
[PlyCount "43"]
[EventDate "2010.??.??"]
[WhiteTeam "SV Lauf a.d.P."]
[BlackTeam "SV Würzburg von 1865 e.V."]

1. Nf3 d5 2. c4 c6 3. b3 Nf6 4. Bb2 Bf5 5. g3 e6 6. Bg2 Nbd7 7. O-O Be7 8. d3
h6 9. Nbd2 O-O 10. a3 a5 11. Ra2 Bh7 12. Qa1 b5 13. Ne5 Nxe5 14. Bxe5 Qb6 15.
Bd4 Qa6 16. cxd5 cxd5 17. Rc1 Rfc8 18. Rac2 Rxc2 19. Rxc2 Rc8 20. Rxc8+ Qxc8
21. Qc3 Qxc3 22. Bxc3 1/2-1/2

[Event "7. LGA Premium Cup"]
[Site "Nürnberg"]
[Date "2010.09.04"]
[Round "4.68"]
[White "Kregelin, Jan"]
[Black "Adelhütte, Dennis"]
[Result "1/2-1/2"]
[WhiteElo "2090"]
[BlackElo "1942"]
[PlyCount "38"]
[EventDate "2010.??.??"]
[WhiteTeam "SC Hoyerswerda"]
[BlackTeam "SC Erlangen 48/88"]

1. d4 Nf6 2. c4 g6 3. Nc3 Bg7 4. e4 d6 5. f3 O-O 6. Bg5 Nbd7 7. Qd2 c5 8. Nge2
Nb6 9. b3 a5 10. a4 cxd4 11. Nxd4 Nbd7 12. Be2 Nc5 13. Rb1 Ne8 14. Nd5 f6 15.
Be3 e6 16. Nc3 f5 17. O-O f4 18. Bf2 Be5 19. Ndb5 Qf6 1/2-1/2

[Event "7. LGA Premium Cup"]
[Site "Nürnberg"]
[Date "2010.09.04"]
[Round "4.70"]
[White "Fiedler, Wolfgang"]
[Black "Bonk, Andras"]
[Result "1-0"]
[WhiteElo "2073"]
[BlackElo "1859"]
[PlyCount "65"]
[EventDate "2010.??.??"]
[WhiteTeam "SC Forchheim e.V."]
[BlackTeam "SV Mendig-Mayen e.V."]

1. Nf3 c5 2. g3 d5 3. Bg2 g6 4. d3 Bg7 5. Nbd2 e5 6. e4 Be6 7. exd5 Bxd5 8. O-O
Ne7 9. Re1 Nbc6 10. Ne4 Bxe4 11. Rxe4 h6 12. Re1 O-O 13. Be3 b6 14. Rf1 f5 15.
Rb1 Rc8 16. Bc1 Nd5 17. a4 Ndb4 18. Bd2 a5 19. Bxb4 Nxb4 20. Nd2 g5 21. Nc4 f4
22. Be4 f3 23. c3 Nc6 24. Bxf3 Ne7 25. Be4 Nf5 26. Qb3 Kh8 27. Qxb6 Qxb6 28.
Nxb6 Rcd8 29. Nc4 Nd6 30. Nxa5 Nxe4 31. dxe4 Rf7 32. Nc4 Ra7 33. a5 1-0

[Event "7. LGA Premium Cup"]
[Site "Nürnberg"]
[Date "2010.09.04"]
[Round "4.79"]
[White "Forster, Stephan"]
[Black "Maurer, Christian"]
[Result "0-1"]
[WhiteElo "1521"]
[BlackElo "1990"]
[PlyCount "50"]
[EventDate "2010.??.??"]
[WhiteTeam "SG Siemens Amberg"]
[BlackTeam "SK Kelheim 1920"]

1. d4 d5 2. Nf3 Nf6 3. Bg5 Ne4 4. Bf4 c5 5. c3 Nc6 6. Nbd2 cxd4 7. Nxd4 Nxd4 8.
cxd4 Qb6 9. Nxe4 dxe4 10. Qd2 e5 11. a3 exf4 12. e3 fxe3 13. fxe3 Be6 14. Rc1
Be7 15. Be2 O-O 16. O-O Rac8 17. b4 Rxc1 18. Rxc1 Rc8 19. Rxc8+ Bxc8 20. Bc4
Be6 21. d5 Bd7 22. Qf2 Qf6 23. Qg3 Bd6 24. Qe1 Qe5 25. g3 Qb2 0-1